000 00590cam a22001577a 4500
008 180718b2007 xxu||||| |||| 00| 0 eng d
020 _a9788124112229
082 _aB73x5453 Oo9
245 _aA decade of decentralization in Kerala : experience and lessons
_cedited by M.A. Oommen
260 _aNew Delhi
_bHar - Anand
_c2007
300 _a252p.
650 _aWomen -- Political activity -- India -- Kerala -- Congresses
650 _aDecentralization in government -- India -- Kerala -- Congresses
650 _aLocal government -- India -- Kerala -- Congresses
700 _aOommen, M.A.
999 _c503133
_d503133